<?xml version="1.0" encoding="UTF-8"?>
<record
    xmlns:xsi="http://www.w3.org/2001/XMLSchema-instance"
    xsi:schemaLocation="http://www.loc.gov/MARC21/slim http://www.loc.gov/standards/marcxml/schema/MARC21slim.xsd"
    xmlns="http://www.loc.gov/MARC21/slim">

  <leader>01211nam a2200337Ia 4500</leader>
  <controlfield tag="008">260401s1999    sp            000 0 spa d</controlfield>
  <datafield tag="041" ind1=" " ind2=" ">
    <subfield code="a">spa</subfield>
  </datafield>
  <datafield tag="111" ind1="2" ind2=" ">
    <subfield code="a">DIA INTERNACIONAL DE LOS TRABAJADORES</subfield>
    <subfield code="d">1999</subfield>
    <subfield code="9">41408</subfield>
  </datafield>
  <datafield tag="245" ind1="1" ind2="0">
    <subfield code="a">Por una Europa en Paz y con Derechos</subfield>
    <subfield code="b">: manifiesto conjunto de CCOO y UGT</subfield>
  </datafield>
  <datafield tag="260" ind1=" " ind2=" ">
    <subfield code="a">[Madrid :</subfield>
    <subfield code="b">CCOO, Confederaci&#xF3;n Sindica,</subfield>
    <subfield code="c">1999</subfield>
  </datafield>
  <datafield tag="300" ind1=" " ind2=" ">
    <subfield code="a">[3] p.  ;</subfield>
    <subfield code="c"> 29 cm</subfield>
  </datafield>
  <datafield tag="500" ind1=" " ind2=" ">
    <subfield code="a">En: Gaceta Sindical, n. 174 (abril 1999), p. 6-8</subfield>
  </datafield>
  <datafield tag="650" ind1=" " ind2=" ">
    <subfield code="a">MOVIMIENTO OBRERO</subfield>
    <subfield code="9">970</subfield>
  </datafield>
  <datafield tag="650" ind1=" " ind2=" ">
    <subfield code="a">SINDICALISMO</subfield>
    <subfield code="9">189</subfield>
  </datafield>
  <datafield tag="650" ind1=" " ind2="0">
    <subfield code="a">DERECHOS DE LOS TRABAJADORES</subfield>
    <subfield code="9">4</subfield>
  </datafield>
  <datafield tag="650" ind1=" " ind2="0">
    <subfield code="a">DIA INTERNACIONAL DE LOS TRABAJADORES</subfield>
    <subfield code="9">39791</subfield>
  </datafield>
  <datafield tag="650" ind1=" " ind2=" ">
    <subfield code="a">CONDICIONES DE TRABAJO</subfield>
    <subfield code="9">128</subfield>
  </datafield>
  <datafield tag="650" ind1=" " ind2="0">
    <subfield code="a">DERECHOS HUMANOS</subfield>
    <subfield code="9">2569</subfield>
  </datafield>
  <datafield tag="650" ind1=" " ind2="0">
    <subfield code="a">CONFLICTO ARMADO</subfield>
    <subfield code="9">35605</subfield>
  </datafield>
  <datafield tag="650" ind1=" " ind2="0">
    <subfield code="a">GUERRA</subfield>
    <subfield code="9">799</subfield>
  </datafield>
  <datafield tag="650" ind1=" " ind2="0">
    <subfield code="a">DEMOCRACIA</subfield>
    <subfield code="9">387</subfield>
  </datafield>
  <datafield tag="650" ind1=" " ind2="0">
    <subfield code="a">DESEMPLEO</subfield>
    <subfield code="9">53</subfield>
  </datafield>
  <datafield tag="650" ind1=" " ind2="0">
    <subfield code="a">PROTECCION SOCIAL</subfield>
    <subfield code="9">62</subfield>
  </datafield>
  <datafield tag="650" ind1=" " ind2="0">
    <subfield code="a">IGUALDAD DE DERECHOS</subfield>
    <subfield code="9">1832</subfield>
  </datafield>
  <datafield tag="650" ind1=" " ind2="0">
    <subfield code="a">IGUALDAD DE GENERO</subfield>
    <subfield code="9">5513</subfield>
  </datafield>
  <datafield tag="650" ind1=" " ind2="0">
    <subfield code="a">ACTITUD SINDICAL</subfield>
    <subfield code="9">61</subfield>
  </datafield>
  <datafield tag="710" ind1="2" ind2=" ">
    <subfield code="a">CCOO</subfield>
    <subfield code="b">Confederaci&#xF3;n Sindical</subfield>
    <subfield code="9">27927</subfield>
  </datafield>
  <datafield tag="710" ind1=" " ind2=" ">
    <subfield code="a">UGT</subfield>
    <subfield code="b">Comisi&#xF3;n Ejecutiva</subfield>
    <subfield code="9">2010</subfield>
  </datafield>
  <datafield tag="856" ind1=" " ind2=" ">
    <subfield code="z">PDF</subfield>
    <subfield code="u">https://docpublicos.ccoo.es/cendoc/073390PorEuropaPaz.pdf</subfield>
  </datafield>
  <datafield tag="942" ind1=" " ind2=" ">
    <subfield code="c">DOCU_ELEC</subfield>
    <subfield code="2">ddc</subfield>
  </datafield>
  <datafield tag="999" ind1=" " ind2=" ">
    <subfield code="c">64463</subfield>
    <subfield code="d">64463</subfield>
  </datafield>
  <datafield tag="952" ind1=" " ind2=" ">
    <subfield code="0">0</subfield>
    <subfield code="1">0</subfield>
    <subfield code="2">ddc</subfield>
    <subfield code="4">0</subfield>
    <subfield code="7">0</subfield>
    <subfield code="a">CENDO</subfield>
    <subfield code="b">CENDO</subfield>
    <subfield code="d">2026-04-01</subfield>
    <subfield code="i">073390</subfield>
    <subfield code="l">0</subfield>
    <subfield code="p">2026-0704</subfield>
    <subfield code="r">2026-04-01 12:14:44</subfield>
    <subfield code="w">2026-04-01</subfield>
    <subfield code="y">DOCU_ELEC</subfield>
  </datafield>
</record>
